000 00444 a2200097 4500
245 0 0 _aPrzewody telekomunikacyjne ogólnego przeznaczenia do połączeń - ruchomych Sznur szychowy, płaski, rozciągalny o izolacji i powłoce polwinitowej do aparatów telefonicznych PN-90/T-90257 /
_cMin. Przemysłu.
246 1 3 _aPN-90/T-90257
246 1 3 _a621.395.721:621.315.342
260 _aWarszawa :
_bMin. Przemysłu,
_c1990.
300 _a2 stron ;
_c30 cm.
650 _aPolska norma
999 _c20110
_d20110